000 00863nam a2200241 a 4500
001 62679
003 BD-RjUL
005 20211209081118.0
008 170125s1974 bg ||||| |||| 00| 0 ben d
020 _c: Tk. 12.50
035 _a(BD-RjUL)62806
040 _aBD-RjUL
_bben
_cBD-RjUL
_dBD-RjUL
041 _aben
082 _223
_a781.24
_bHUS 1974
100 _aহুদা, সৈয়দ শামসুল
_9179875
245 1 0 _aসুরবাণী :
_bবাঙলা খেয়াল /
_cসৈয়দ শামসুল হুদা
260 _aঢাকা :
_bজাহাঙ্গীর হোসেন,
_c১৯৭৪.
300 _aখণ্ড. ;
_c২৪ সেমি.
505 0 _tখণ্ড.-১--রচনাকাল : (১৯৫৭-১৯৭৪)
650 _aসুর
_9186336
650 _aMelody
_9186337
942 _2ddc
_cBK
999 _c62679
_d62679